| 000 | 00986nas a2200325 4500 | ||
|---|---|---|---|
| 001 | BR0805250 | ||
| 003 | BR-BrBNA | ||
| 005 | 20231205112414.0 | ||
| 007 | ta | ||
| 008 | 230509b bl.|||p| |||| 00| 00por d | ||
| 040 |
_aBR-BrBNA _bpor _cBiblioteca Nacional de Agricultura |
||
| 041 | _a(Pt) | ||
| 072 | _aQ04 | ||
| 100 | 1 | _aCosta, D.S. da | |
| 100 | 1 | _aRio, A. da S. | |
| 100 | 1 | _aFarias, P.R.S. de | |
| 100 | 1 | _aGomes, B.R. | |
| 100 | 1 | _aFerreira, E.F. | |
| 100 | 1 | _aTeixeira, R. da C. | |
| 100 | 1 | _aHora, A.G. da | |
| 245 | 1 | _aIndicadores de qualidade microbiológica e físico-química de refrigerantes tipo tubaínas | |
| 650 | _aREFRIGERANTE | ||
| 650 | _aPROPRIEDADE FÍSICO-QUÍMICA | ||
| 650 | _aVALOR NUTRITIVO | ||
| 650 | _aCONTROLE DE QUALIDADE | ||
| 650 | _aRIO DE JANEIRO | ||
| 773 | 0 |
_tHigiene Alimentar (Brazil) _xISSN 0101-9171 _g(Jan-Feb 2008), v. 22(158) p. 78-88 _wBR0805250 |
|
| 909 |
_a202311 _bLúcia _c55 _dLúcia Elande |
||
| 942 |
_2AGRIS _n0 _cANA |
||
| 999 |
_c197895 _d197895 |
||